000 00876nam a2200229Ii 4500
003 JO-AjNU
008 230605s9999||||xx |||||||||||||| ||und||
017 _a2014/5600
020 _a978-977-473-086-3
040 _aJO-AjNU
_bara
_erda
_cJO-AjNU
041 _aara
050 1 4 _aHD62.6.H368 2014
100 3 _aحسن، عاصم محمد,
_eauthor
_952081
245 0 0 _aنظم الجودة في المنظمات غير الربحية : المناهج والتطبيقات
264 3 1 _aالقاهرة: المنظمة العربية للتنمية الادارية، 2014
300 _a190ص
_bيحتوي على ببلوغرافية من 181-190ص
336 _atext
_btxt
_2rdacontent
337 _aunmediated
_bn
_2rdamedia
338 _avolume
_bnc
_2rdacarrier
490 0 _aسلسلة بحوث ودراسات؛ 499
650 4 _aالجودة - المنظمات
_952082
999 _aA23049
_c26617
_d26617